[Event "Schachbundesliga 2011/2012"]
[Site "?"]
[Date "2011.10.14"]
[Round "1"]
[White "Bacrot, Etienne"]
[Black "Cyborowski, Lukasz"]
[Result "1/2-1/2"]
[WhiteElo "2705"]
[BlackElo "2543"]
[PlyCount "120"]
[EventDate "2011.??.??"]

1. d4 Nf6 2. c4 g6 3. Nc3 Bg7 4. e4 O-O 5. Be2 d6 6. Nf3 c5 7. d5 e6 8. O-O
exd5 9. cxd5 Bg4 10. Bf4 Bxf3 11. Bxf3 Ne8 12. Qb3 Qc7 13. Be2 a6 14. Bg5 Bf6
15. Be3 Nd7 16. f4 Bd4 17. Nd1 Bxe3+ 18. Qxe3 Nef6 19. Nf2 Rfe8 20. Qf3 c4 21.
Rac1 Qb6 22. Rxc4 Qxb2 23. Bd3 Rac8 24. Kh1 Rxc4 25. Bxc4 Qd4 26. Bd3 Nc5 27.
f5 g5 28. Rd1 Qe5 29. h3 Ncxe4 30. Bxe4 Nxe4 31. Nxe4 Qxe4 32. Qb3 b5 33. Qa3
Qa4 34. Qxa4 bxa4 35. Rd4 Re5 36. Rxa4 Rxf5 37. Rxa6 Rxd5 38. a4 Kg7 39. Ra8
Kf6 40. a5 h5 41. a6 Ra5 42. a7 g4 43. hxg4 hxg4 44. g3 Kf5 45. Kg1 Ra2 46. Kf1
d5 47. Ke1 d4 48. Kd1 d3 49. Ke1 Re2+ 50. Kf1 Re7 51. Rd8 Rxa7 52. Rxd3 Ke4 53.
Rd2 Ra3 54. Kg2 f6 55. Rf2 Rf3 56. Ra2 Rd3 57. Re2+ Re3 58. Rf2 f5 59. Rf4+ Ke5
60. Rf2 Rd3 1/2-1/2

[Event "Schachbundesliga 2011/2012"]
[Site "?"]
[Date "2011.10.14"]
[Round "1"]
[White "Berkes, Ferenc"]
[Black "Lenic, Luka"]
[Result "1/2-1/2"]
[WhiteElo "2706"]
[BlackElo "2641"]
[PlyCount "63"]
[EventDate "2011.??.??"]

1. e4 e5 2. Nf3 Nc6 3. Bb5 a6 4. Bxc6 dxc6 5. O-O Qd6 6. Na3 Be6 7. Qe2 f6 8.
d4 exd4 9. Rd1 Bg4 10. Be3 O-O-O 11. Rxd4 Qe7 12. Rxd8+ Qxd8 13. Rd1 Qe8 14.
Nc4 Ne7 15. h3 Bh5 16. Na5 f5 17. exf5 Nxf5 18. Bg5 Bd6 19. Qd3 Bg6 20. Qb3 b5
21. c4 h6 22. Bc1 Qe4 23. a4 b4 24. Bd2 c5 25. Re1 Nd4 26. Nxd4 Qxd4 27. Qf3
Qxd2 28. Qa8+ Kd7 29. Qc6+ Kc8 30. Qxa6+ Kd7 31. Qc6+ Kc8 32. Qa8+ 1/2-1/2

[Event "Schachbundesliga 2011/2012"]
[Site "?"]
[Date "2011.10.14"]
[Round "1"]
[White "Bobras, Piotr"]
[Black "Adams, Michael"]
[Result "1/2-1/2"]
[WhiteElo "2544"]
[BlackElo "2733"]
[PlyCount "51"]
[EventDate "2011.??.??"]

1. e4 e5 2. Nf3 Nc6 3. Bb5 a6 4. Ba4 Nge7 5. c3 g6 6. d4 exd4 7. cxd4 b5 8. Bb3
Bg7 9. Nc3 Na5 10. Be3 d6 11. Qd2 Bb7 12. d5 c6 13. dxc6 Bxc6 14. Bd4 Bxd4 15.
Qxd4 O-O 16. O-O Nxb3 17. axb3 d5 18. Ne5 dxe4 19. Nxc6 Nxc6 20. Qxe4 Qe8 21.
Qf3 Nd4 22. Qf6 Qd8 23. Rxa6 Qxf6 24. Rxf6 b4 25. Nd5 Ra2 26. Nxb4 1/2-1/2

[Event "Schachbundesliga 2011/2012"]
[Site "?"]
[Date "2011.10.14"]
[Round "1"]
[White "Fressinet, Laurent"]
[Black "Spoelman, Wouter"]
[Result "1-0"]
[WhiteElo "2696"]
[BlackElo "2563"]
[PlyCount "103"]
[EventDate "2011.??.??"]

1. d4 d5 2. c4 c6 3. Nc3 e6 4. e3 Nf6 5. Nf3 Nbd7 6. Bd3 Bd6 7. e4 dxe4 8. Nxe4
Nxe4 9. Bxe4 e5 10. O-O exd4 11. Qxd4 Qf6 12. Rd1 Qxd4 13. Nxd4 Bc5 14. Be3 a5
15. Bf5 g6 16. Bh3 f5 17. Re1 Kf7 18. Ne6 Bxe3 19. Rxe3 b6 20. Rd1 h6 21. Rd6
Re8 22. Rxc6 Ne5 23. Rxe5 Rxe6 24. Rexe6 Bxe6 25. g3 Rd8 26. Bf1 Rd1 27. Kg2 b5
28. Rc5 bxc4 29. Bxc4 Bxc4 30. Rxc4 Rd2 31. Rc7+ Kf6 32. Rc6+ Kf7 33. Rb6 a4
34. a3 Kg7 35. h4 Rc2 36. Kf3 g5 37. h5 Rd2 38. Ke3 Rc2 39. Rb4 Kf6 40. f4 g4
41. Rb6+ Kg7 42. Kd4 Rh2 43. Rg6+ Kf7 44. Rxh6 Rxb2 45. Rc6 Rd2+ 46. Ke5 Rd3
47. Rc7+ Kg8 48. Kxf5 Rxg3 49. Kg6 Kf8 50. h6 Rh3 51. f5 Ke8 52. f6 1-0

[Event "Schachbundesliga 2011/2012"]
[Site "?"]
[Date "2011.10.14"]
[Round "1"]
[White "Howell, David W L"]
[Black "Svidler, Peter"]
[Result "1/2-1/2"]
[WhiteElo "2633"]
[BlackElo "2740"]
[PlyCount "127"]
[EventDate "2011.??.??"]

1. e4 c5 2. Nf3 e6 3. c3 d5 4. exd5 exd5 5. d4 Nc6 6. Bb5 cxd4 7. Nxd4 Bd7 8.
O-O Bd6 9. c4 Nge7 10. Nc3 dxc4 11. Bg5 f6 12. Be3 Qc7 13. Bxc4 Nxd4 14. Qxd4
Bxh2+ 15. Kh1 Be5 16. Nb5 Qc6 17. Qd3 a6 18. Nd4 Qd6 19. Rac1 Nc6 20. Rfd1 Nxd4
21. Bxd4 Qxd4 22. Qxd4 Bxd4 23. Rxd4 Bc6 24. Rd6 Ke7 25. Re6+ Kf8 26. Rd6 Ke7
27. Re6+ Kf8 28. Rd6 Rc8 29. Kh2 h5 30. Rcd1 h4 31. Be6 Rb8 32. Bd5 Rh5 33.
Bxc6 bxc6 34. b3 Rc5 35. Kh3 Rb4 36. Rd8+ Kf7 37. R8d7+ Kg6 38. R7d4 Rxd4 39.
Rxd4 Rc2 40. f3 Rxa2 41. Rc4 Kf7 42. Rxc6 g5 43. b4 Ra1 44. Kh2 f5 45. Rh6 Kg7
46. Rc6 Kf7 47. Rh6 Ra4 48. Kh3 Rxb4 49. Rxa6 Rb1 50. Kh2 Re1 51. Rb6 Re6 52.
Rb8 Kf6 53. Rg8 Ra6 54. Kh3 Ra1 55. Kh2 Rd1 56. Re8 g4 57. fxg4 fxg4 58. Rg8
Rd4 59. Rh8 Kg5 60. Rg8+ Kf4 61. Rf8+ Ke3 62. Re8+ Re4 63. Rh8 Kf2 64. Rf8+
1/2-1/2

[Event "Schachbundesliga 2011/2012"]
[Site "?"]
[Date "2011.10.14"]
[Round "1"]
[White "Jaracz, Pawel"]
[Black "Naiditsch, Arkadij"]
[Result "1/2-1/2"]
[WhiteElo "2558"]
[BlackElo "2707"]
[PlyCount "76"]
[EventDate "2011.??.??"]

1. e4 e5 2. Bc4 Nf6 3. d3 Nc6 4. Nc3 Na5 5. Nge2 Nxc4 6. dxc4 d6 7. h3 Be6 8.
b3 Be7 9. O-O a6 10. f4 b5 11. Qd3 bxc4 12. bxc4 c6 13. f5 Bc8 14. g4 a5 15.
Ba3 Ba6 16. Rad1 d5 17. Bxe7 Qxe7 18. exd5 cxd5 19. Nxd5 Nxd5 20. Qxd5 O-O 21.
f6 gxf6 22. Ng3 Kh8 23. Nh5 f5 24. Rxf5 Rad8 25. Qf3 Bb7 26. Qe2 Rxd1+ 27. Qxd1
Be4 28. Rf2 Bg6 29. Ng3 Rd8 30. Rd2 Re8 31. Rd5 Qg5 32. Qd2 Qxd2 33. Rxd2 Rc8
34. Rd5 Rxc4 35. Rxa5 f6 36. g5 Rc3 37. gxf6 Kg8 38. Ne2 Rxc2 1/2-1/2

[Event "Schachbundesliga 2011/2012"]
[Site "?"]
[Date "2011.10.14"]
[Round "1"]
[White "Mchedlishvili, Mikheil"]
[Black "Gashimov, Vugar"]
[Result "1-0"]
[WhiteElo "2623"]
[BlackElo "2756"]
[PlyCount "169"]
[EventDate "2011.??.??"]

1. Nf3 c5 2. c4 Nf6 3. Nc3 Nc6 4. g3 g6 5. Bg2 d6 6. d4 cxd4 7. Nxd4 Bd7 8. Nb3
b6 9. Bg5 Bg7 10. Nd5 Ng4 11. h3 Nge5 12. Rc1 h6 13. Be3 g5 14. Nd4 e6 15. Nc3
O-O 16. O-O f5 17. Nxc6 Bxc6 18. Bxc6 Nxc6 19. f4 Qe8 20. fxg5 Qg6 21. Qd2 hxg5
22. Bxg5 Ne5 23. Nb5 d5 24. cxd5 Rad8 25. Nc7 exd5 26. Bf4 d4 27. Qc2 d3 28.
exd3 Kh8 29. Rcd1 Nc6 30. Qg2 Nb4 31. Qe2 Rc8 32. a3 Nc6 33. Qe6 Bf6 34. Qe2
Nd4 35. Qg2 Bg7 36. Nd5 Rfe8 37. Nc3 Qh5 38. g4 Qf7 39. Kh1 Rc6 40. gxf5 Rg8
41. Rg1 Qxf5 42. Rdf1 Qh5 43. Qg4 Rc5 44. Be3 Qxg4 45. Rxg4 Rh5 46. h4 Ne6 47.
Kg2 Bxc3 48. Rxg8+ Kxg8 49. bxc3 Rxh4 50. Rf6 Nf8 51. c4 Rh5 52. Bd2 Re5 53.
Kf2 Re6 54. Rf5 Ng6 55. Bc3 Ne7 56. Rf4 Ng6 57. Rf5 Ne7 58. Rf3 Nc6 59. a4 Re7
60. a5 Rf7 61. d4 Nd8 62. d5 Rc7 63. Rf4 Nb7 64. Bb4 Nc5 65. Ke3 Na6 66. Bd6
Rf7 67. Rg4+ Kh7 68. Kd4 Rf1 69. Re4 Kg6 70. Re6+ Kf5 71. Re7 Rd1+ 72. Kc3 Ra1
73. Rxa7 Rxa5 74. Rb7 Nc5 75. Bxc5 bxc5 76. Rb5 Ra3+ 77. Kb2 Rd3 78. Rxc5 Ke4
79. Rc6 Ke5 80. Kc2 Rh3 81. d6 Rh7 82. Kc3 Ke6 83. Kb4 Ra7 84. c5 Kd7 85. Rb6
1-0

[Event "Schachbundesliga 2011/2012"]
[Site "?"]
[Date "2011.10.14"]
[Round "1"]
[White "Rabiega, Robert"]
[Black "Almasi, Zoltan"]
[Result "0-1"]
[WhiteElo "2501"]
[BlackElo "2710"]
[PlyCount "50"]
[EventDate "2011.??.??"]

1. e4 d6 2. d4 Nf6 3. Bd3 g6 4. Nf3 Bg7 5. O-O O-O 6. c3 Nc6 7. Re1 e5 8. Na3
Bg4 9. Nc2 h6 10. h3 Bd7 11. Bf1 Re8 12. d5 Ne7 13. c4 Nh7 14. Ne3 f5 15. c5
Nf6 16. cxd6 cxd6 17. exf5 gxf5 18. Bc4 f4 19. Nf1 Rc8 20. Bb3 Kh8 21. Nh4 Nf5
22. Nxf5 Bxf5 23. Nh2 Rg8 24. Bd2 Bf8 25. Qf3 Qd7 0-1

[Event "Schachbundesliga 2011/2012"]
[Site "?"]
[Date "2011.10.14"]
[Round "1"]
[White "Vallejo Pons, Francisco"]
[Black "Erdos, Viktor"]
[Result "1/2-1/2"]
[WhiteElo "2716"]
[BlackElo "2608"]
[PlyCount "139"]
[EventDate "2011.??.??"]

1. Nf3 d5 2. d4 Nf6 3. c4 c6 4. Nc3 e6 5. Bg5 h6 6. Bxf6 Qxf6 7. Qc2 dxc4 8. e3
b5 9. a4 Bb7 10. axb5 cxb5 11. Nxb5 Bb4+ 12. Nc3 O-O 13. Ne5 Rc8 14. Bxc4 Nc6
15. Nxc6 Rxc6 16. Bd3 Rac8 17. O-O Bxc3 18. bxc3 Rxc3 19. Qb1 Bd5 20. Bh7+ Kh8
21. Be4 Bxe4 22. Qxe4 R3c7 23. g3 g6 24. Ra5 Kg7 25. Kg2 Rb8 26. Ra2 Rb5 27.
Rfa1 a5 28. Rxa5 Rb2 29. Qf3 Rcc2 30. Rf1 h5 31. h3 Rd2 32. g4 hxg4 33. hxg4
Qxf3+ 34. Kxf3 Rdc2 35. g5 Rd2 36. Kg3 Rdc2 37. Re5 Ra2 38. Rb5 Rd2 39. Rb3
Rdc2 40. Rb8 Ra5 41. f4 Ra3 42. Re1 Rd2 43. Rb4 Rc3 44. Kf3 Rh2 45. Ke4 Rh3 46.
Rb2 Ra3 47. Rd2 Rg3 48. d5 exd5+ 49. Rxd5 Rh3 50. Rd8 Rb3 51. Re8 Ra3 52. Re2
Rb3 53. Ra8 Rh8 54. Rxh8 Kxh8 55. Rd2 Kg7 56. Rd7 Ra3 57. Kd4 Ra4+ 58. Ke5 Ra5+
59. Rd5 Ra3 60. e4 Ra1 61. Rd7 Rb1 62. f5 gxf5 63. exf5 Re1+ 64. Kd6 Rd1+ 65.
Ke7 Re1+ 66. Kd6 Rd1+ 67. Kc7 Rf1 68. Rd5 Rg1 69. g6 fxg6 70. fxg6 1/2-1/2

[Event "Schachbundesliga 2011/2012"]
[Site "?"]
[Date "2011.10.15"]
[Round "2"]
[White "Fridman, Daniel"]
[Black "Bacrot, Etienne"]
[Result "1/2-1/2"]
[WhiteElo "2652"]
[BlackElo "2705"]
[PlyCount "42"]
[EventDate "2011.??.??"]
[TimeControl "2400"]

1. d4 Nf6 2. c4 g6 3. Nf3 Bg7 4. g3 d5 5. Bg2 dxc4 6. Na3 c3 7. bxc3 O-O 8. O-O
c5 9. Ne5 Nc6 10. Nxc6 bxc6 11. Bxc6 Bh3 12. Bg2 Bxg2 13. Kxg2 Ne4 14. Bb2 cxd4
15. cxd4 Rb8 16. Qc2 Qd5 17. f3 Rfc8 18. Qxe4 Qxe4 19. fxe4 Rxb2 20. Rfc1 Rxc1
21. Rxc1 Bxd4 1/2-1/2

[Event "Schachbundesliga 2011/2012"]
[Site "?"]
[Date "2011.10.15"]
[Round "2"]
[White "Gashimov, Vugar"]
[Black "Kempinski, Robert"]
[Result "1-0"]
[WhiteElo "2756"]
[BlackElo "2604"]
[PlyCount "47"]
[EventDate "2011.??.??"]

1. e4 c5 2. Nf3 d6 3. d4 cxd4 4. Nxd4 Nc6 5. Nc3 e5 6. Nf5 Bxf5 7. exf5 Be7 8.
g4 h6 9. h4 Nf6 10. Rg1 Qa5 11. Bd2 Nd5 12. Ne4 Qb6 13. Rg3 O-O-O 14. c4 Nf6
15. Nxf6 Bxf6 16. Rb3 Qd4 17. Qe2 d5 18. Rc1 e4 19. Be3 Qe5 20. cxd5 Qxd5 21.
Qb5 Qd7 22. Qa6 Qc7 23. Qa4 Rd6 24. Bxa7 1-0

[Event "Schachbundesliga 2011/2012"]
[Site "?"]
[Date "2011.10.15"]
[Round "2"]
[White "Ghaem Maghami, Ehsan"]
[Black "Fressinet, Laurent"]
[Result "1/2-1/2"]
[WhiteElo "2583"]
[BlackElo "2696"]
[PlyCount "50"]
[EventDate "2011.??.??"]

1. c4 e6 2. Nf3 d5 3. d4 Nf6 4. e3 Be7 5. Nc3 O-O 6. Bd3 c5 7. cxd5 exd5 8.
dxc5 Bxc5 9. h3 Nc6 10. O-O Qe7 11. b3 Rd8 12. Bb2 Ne4 13. Qe2 Bf5 14. Rad1 a6
15. Na4 Ba7 16. Nd4 Bxd4 17. Bxd4 Qg5 18. f4 Nxd4 19. exd4 Qg6 20. Bxe4 Bxe4
21. Nc5 Re8 22. Qg4 b6 23. Qxg6 hxg6 24. Na4 Re6 25. Rc1 Rae8 1/2-1/2

[Event "Schachbundesliga 2011/2012"]
[Site "?"]
[Date "2011.10.15"]
[Round "2"]
[White "Naiditsch, Arkadij"]
[Black "Landa, Konstantin"]
[Result "1/2-1/2"]
[WhiteElo "2707"]
[BlackElo "2639"]
[PlyCount "173"]
[EventDate "2011.??.??"]

1. c4 e6 2. g3 d5 3. Bg2 dxc4 4. Qa4+ Nd7 5. Qxc4 a6 6. Qc2 Rb8 7. Nf3 b5 8.
Nd4 Ne7 9. b4 Bb7 10. Bxb7 Rxb7 11. Nc3 c5 12. Ne4 Nf6 13. Nxf6+ gxf6 14. Nb3
cxb4 15. O-O Rc7 16. Qb1 Nc6 17. d4 Bg7 18. a4 O-O 19. axb5 axb5 20. Rd1 f5 21.
Bf4 Rd7 22. e3 e5 23. dxe5 Nxe5 24. Bxe5 Bxe5 25. Rxd7 Qxd7 26. Ra5 Bc3 27. Qf1
Qd5 28. Nc1 Rb8 29. Ne2 Qd3 30. h4 h6 31. Ra6 Bg7 32. Nd4 Qxf1+ 33. Kxf1 Bxd4
34. exd4 Rd8 35. Rb6 Rxd4 36. Rxb5 f4 37. Ke2 fxg3 38. fxg3 Kg7 39. Kf3 Rd3+
40. Kf4 Rd4+ 41. Kf5 Rd3 42. Rxb4 Rxg3 43. Ra4 Rf3+ 44. Kg4 Rf1 45. Rb4 Kg6 46.
Rb6+ Rf6 47. h5+ Kg7 48. Rb5 Rf1 49. Ra5 Re1 50. Kf4 Kf6 51. Ra6+ Re6 52. Ra4
Rb6 53. Rc4 Rb5 54. Rc6+ Kg7 55. Kg4 Rg5+ 56. Kh4 Rg1 57. Ra6 Re1 58. Kg4 Re4+
59. Kg3 Re6 60. Ra5 Rd6 61. Rf5 Kf8 62. Re5 Re6 63. Ra5 Ke7 64. Ra7+ Kf6 65.
Kf4 Rb6 66. Ra4 Ke7 67. Ra7+ Ke6 68. Ra4 Kf6 69. Rc4 Rb5 70. Rc6+ Kg7 71. Kg4
Rg5+ 72. Kh4 Re5 73. Kg4 Re4+ 74. Kg3 Re1 75. Ra6 Rg1+ 76. Kh4 f5 77. Ra7+ Kf8
78. Ra8+ Kf7 79. Ra7+ Kf6 80. Ra6+ Ke5 81. Ra5+ Ke4 82. Ra4+ Kd3 83. Ra3+ Kc4
84. Ra6 Rh1+ 85. Kg3 Rxh5 86. Kf4 Kd5 87. Rf6 1/2-1/2

[Event "Schachbundesliga 2011/2012"]
[Site "?"]
[Date "2011.10.15"]
[Round "2"]
[White "Najer, Evgeniy"]
[Black "Almasi, Zoltan"]
[Result "1/2-1/2"]
[WhiteElo "2637"]
[BlackElo "2710"]
[PlyCount "47"]
[EventDate "2011.??.??"]

1. d4 Nf6 2. c4 e6 3. Nf3 b6 4. g3 Ba6 5. Qc2 Bb7 6. Bg2 c5 7. d5 exd5 8. cxd5
Nxd5 9. O-O Be7 10. Rd1 Nc6 11. Qa4 Nf6 12. Nh4 O-O 13. Nf5 d5 14. Nc3 Nd4 15.
Nxd4 cxd4 16. Rxd4 Bc5 17. Rd3 Qe8 18. Qh4 Ne4 19. Be3 Nxc3 20. Rxc3 d4 21.
Bxd4 Bxd4 22. Qxd4 Bxg2 23. Kxg2 Qxe2 24. Re3 1/2-1/2

[Event "Schachbundesliga 2011/2012"]
[Site "?"]
[Date "2011.10.15"]
[Round "2"]
[White "Potkin, Vladimir"]
[Black "Vallejo Pons, Francisco"]
[Result "1/2-1/2"]
[WhiteElo "2671"]
[BlackElo "2716"]
[PlyCount "131"]
[EventDate "2011.??.??"]

1. d4 d5 2. c4 c6 3. Nc3 Nf6 4. e3 Bg4 5. Qb3 Qb6 6. h3 Bf5 7. g4 Qxb3 8. axb3
Bc2 9. g5 Nfd7 10. cxd5 Bxb3 11. Bg2 Nb6 12. dxc6 Nxc6 13. Nf3 e6 14. O-O a6
15. Nd2 Bc2 16. Nde4 h6 17. gxh6 Rxh6 18. Nc5 Bxc5 19. dxc5 Nc4 20. Nb5 O-O-O
21. Nd4 Nxd4 22. exd4 Rg6 23. Kh2 Rxd4 24. c6 Rxg2+ 25. Kxg2 Be4+ 26. Kh2 Bxc6
27. b3 Ne5 28. Be3 Rb4 29. Rab1 Bd5 30. Rfc1+ Kd7 31. Rc3 a5 32. Rd1 Nf3+ 33.
Kg3 Nh4 34. Bc5 Nf5+ 35. Kh2 Rb5 36. Ba7 Ne7 37. Rdd3 Nc6 38. Bc5 g6 39. Kg3
Ne5 40. Re3 Nc6 41. Red3 b6 42. Be3 e5 43. Rd1 Ke6 44. f4 Nd4 45. Bxd4 exd4 46.
Rxd4 Rxb3 47. f5+ gxf5 48. Rxb3 Bxb3 49. h4 Ke5 50. Rd8 f4+ 51. Kf2 b5 52. Rb8
Bc4 53. Rb6 Kf5 54. h5 f6 55. h6 Kg6 56. h7 Kxh7 57. Rxf6 a4 58. Rxf4 a3 59.
Ke3 b4 60. Kd2 b3 61. Kc3 b2 62. Rh4+ Kg7 63. Rh1 Kf6 64. Rb1 a2 65. Kxb2
axb1=B 66. Kxb1 1/2-1/2

[Event "Schachbundesliga 2011/2012"]
[Site "?"]
[Date "2011.10.15"]
[Round "2"]
[White "Sandipan, Chanda"]
[Black "Berkes, Ferenc"]
[Result "1-0"]
[WhiteElo "2640"]
[BlackElo "2706"]
[PlyCount "127"]
[EventDate "2011.??.??"]

1. Nf3 Nf6 2. c4 e6 3. g3 b6 4. Bg2 Bb7 5. O-O Be7 6. Nc3 O-O 7. Re1 d5 8. cxd5
exd5 9. d4 Na6 10. Bf4 c6 11. Rc1 Nc7 12. Bxc7 Qxc7 13. Ne5 c5 14. e3 Rad8 15.
Qc2 a6 16. f4 c4 17. g4 b5 18. g5 Ne8 19. h4 f6 20. Nf3 Bb4 21. Rf1 Bxc3 22.
bxc3 Nd6 23. Nd2 Rde8 24. Rce1 Qf7 25. Bf3 Re7 26. e4 dxe4 27. Nxe4 Nxe4 28.
Bxe4 Rxe4 29. Rxe4 Qd5 30. Re2 fxg5 31. Kh2 gxf4 32. Re5 Qf7 33. Qe2 f3 34. Qe3
h6 35. Re7 Qf6 36. Qe6+ Qxe6 37. Rxe6 Rf7 38. Kg3 Kh7 39. Kf2 Rd7 40. a3 Kg8
41. Rd1 Kf7 42. d5 Rxd5 43. Rxd5 Kxe6 44. Rd8 Bd5 45. Rg8 Kf6 46. Rb8 Kf5 47.
Rb6 Ke4 48. Rxa6 h5 49. Rd6 Ba8 50. Rd4+ Ke5 51. a4 bxa4 52. Rxc4 a3 53. Ra4
Be4 54. Ke3 Bc6 55. Rxa3 Kf5 56. Ra5+ Kg4 57. Rg5+ Kxh4 58. Rxg7 Kh3 59. c4 h4
60. c5 Kh2 61. Kf2 h3 62. Rg6 Kh1 63. Rxc6 h2 64. Kxf3 1-0

[Event "Schachbundesliga 2011/2012"]
[Site "?"]
[Date "2011.10.15"]
[Round "2"]
[White "Svidler, Peter"]
[Black "Motylev, Alexander"]
[Result "1/2-1/2"]
[WhiteElo "2740"]
[BlackElo "2690"]
[PlyCount "92"]
[EventDate "2011.??.??"]

1. e4 c6 2. d4 d5 3. exd5 cxd5 4. Bd3 Nc6 5. c3 Nf6 6. Bf4 Bg4 7. Qb3 Qc8 8.
Nd2 e6 9. Ngf3 Be7 10. Ne5 Nxe5 11. dxe5 Nd7 12. Qc2 Nc5 13. Bb5+ Kf8 14. Nb3
a6 15. Be2 Bxe2 16. Qxe2 Na4 17. Be3 h5 18. Nd4 Nxc3 19. Qd3 Na4 20. Rc1 Qd7
21. Qc2 g6 22. O-O Nb6 23. Qc7 Bd8 24. Qc3 Nc4 25. Bf4 Kg7 26. b3 Na3 27. Qe3
Be7 28. Bg5 Bxg5 29. Qxg5 Rhc8 30. f4 Nb5 31. Nf3 Rxc1 32. Rxc1 Rc8 33. Rxc8
Qxc8 34. f5 exf5 35. Qf6+ Kg8 36. Ng5 Qc1+ 37. Kf2 Qd2+ 38. Kf1 Qd1+ 39. Kf2
Qd2+ 40. Kf1 Qd1+ 41. Kf2 Qc2+ 42. Kf1 Qb1+ 43. Kf2 Qxa2+ 44. Kf1 Qb1+ 45. Kf2
Qc2+ 46. Kf1 Qc1+ 1/2-1/2

[Event "Schachbundesliga 2011/2012"]
[Site "?"]
[Date "2011.10.16"]
[Round "3"]
[White "Almasi, Zoltan"]
[Black "Berg, Emanuel"]
[Result "1/2-1/2"]
[WhiteElo "2710"]
[BlackElo "2575"]
[PlyCount "56"]
[EventDate "2011.??.??"]

1. e4 e6 2. d4 d5 3. Nd2 Nf6 4. e5 Nfd7 5. Bd3 c5 6. c3 Nc6 7. Ne2 cxd4 8. cxd4
f6 9. exf6 Nxf6 10. Nf3 Bd6 11. O-O Qc7 12. Bd2 O-O 13. Rc1 Bd7 14. Ng3 Rae8
15. Re1 Qb6 16. Bc3 e5 17. dxe5 Ng4 18. exd6 Nxf2 19. Bxh7+ Kh8 20. Bd4 Rxe1+
21. Qxe1 Nh3+ 22. gxh3 Nxd4 23. Nxd4 Qxd4+ 24. Kg2 Kxh7 25. Qe2 Qh4 26. Kg1
Qd4+ 27. Kg2 Qh4 28. Kg1 Qd4+ 1/2-1/2

[Event "Schachbundesliga 2011/2012"]
[Site "?"]
[Date "2011.10.16"]
[Round "3"]
[White "Bacrot, Etienne"]
[Black "Siebrecht, Sebastian"]
[Result "1-0"]
[WhiteElo "2705"]
[BlackElo "2471"]
[PlyCount "91"]
[EventDate "2011.??.??"]

1. c4 e5 2. g3 Nc6 3. Bg2 Bc5 4. Nc3 a6 5. e3 Nge7 6. Nge2 Ba7 7. a3 d6 8. b4
O-O 9. Bb2 Be6 10. Nd5 Qd7 11. O-O Rac8 12. Rc1 Bg4 13. Nxe7+ Qxe7 14. h3 Bh5
15. b5 axb5 16. cxb5 Nd8 17. g4 Bg6 18. d4 exd4 19. Bxd4 Bxd4 20. Nxd4 f5 21.
gxf5 Bxf5 22. Nxf5 Rxf5 23. Qg4 Qe6 24. Rfd1 h5 25. Qg3 Rxb5 26. h4 Qe5 27.
Qxe5 Rxe5 28. Rxd6 Re7 29. Rd5 g6 30. Rcd1 Ne6 31. Rd7 Rxd7 32. Rxd7 Nc5 33.
Bd5+ Kh8 34. Re7 c6 35. Bf7 Kg7 36. Ba2+ Kf6 37. Rf7+ Ke5 38. Bb1 Ra8 39. Bxg6
Rxa3 40. Bxh5 b5 41. Bg6 b4 42. h5 Ra8 43. h6 Ne6 44. h7 c5 45. f4+ Kd6 46. Bf5
1-0

[Event "Schachbundesliga 2011/2012"]
[Site "?"]
[Date "2011.10.16"]
[Round "3"]
[White "Berkes, Ferenc"]
[Black "Fedorchuk, Sergey A"]
[Result "1-0"]
[WhiteElo "2706"]
[BlackElo "2635"]
[PlyCount "83"]
[EventDate "2011.??.??"]

1. Nf3 Nf6 2. g3 b5 3. Bg2 Bb7 4. Na3 b4 5. Nc4 e6 6. O-O Be7 7. a3 a5 8. d3 d5
9. Nce5 Nbd7 10. c4 O-O 11. cxd5 Bxd5 12. Nc4 Nb6 13. axb4 Nxc4 14. dxc4 axb4
15. Rxa8 Bxa8 16. Be3 Be4 17. Qxd8 Rxd8 18. Ne5 Ra8 19. Rd1 h6 20. h4 Ra2 21.
Bxe4 Nxe4 22. Rd7 Bf6 23. Nd3 c5 24. b3 Rxe2 25. Kg2 Rc2 26. Kf3 Nd2+ 27. Bxd2
Rxd2 28. Nxc5 Rb2 29. h5 Kf8 30. Rd3 Bc3 31. Nd7+ Ke8 32. c5 Rc2 33. Nb6 Be1
34. Nc4 Rxf2+ 35. Kg4 Ke7 36. c6 Rf5 37. Rd7+ Kf6 38. c7 Rg5+ 39. Kf3 Rc5 40.
Nd6 Rc3+ 41. Ke2 Bxg3 42. Ne4+ 1-0

[Event "Schachbundesliga 2011/2012"]
[Site "?"]
[Date "2011.10.16"]
[Round "3"]
[White "Firman, Nazar"]
[Black "Adams, Michael"]
[Result "1/2-1/2"]
[WhiteElo "2517"]
[BlackElo "2733"]
[PlyCount "110"]
[EventDate "2011.??.??"]

1. e4 e5 2. Nf3 Nc6 3. Bb5 a6 4. Ba4 Nf6 5. O-O Be7 6. Re1 b5 7. Bb3 O-O 8. h3
Bb7 9. d3 Re8 10. a4 h6 11. axb5 axb5 12. Rxa8 Bxa8 13. Nc3 b4 14. Ne2 Bf8 15.
Ng3 Na5 16. Ba4 c5 17. Be3 Re6 18. Nd2 d5 19. f3 Qc7 20. b3 Ra6 21. Bf2 Bc6 22.
Bxc6 Nxc6 23. Nf5 g6 24. Ne3 d4 25. Nec4 h5 26. Bh4 Nh7 27. f4 exf4 28. e5 Ne7
29. Bxe7 Qxe7 30. Qf3 Qh4 31. Rf1 Ng5 32. Qb7 Ra2 33. Ne4 Rxc2 34. Ncd6 Bxd6
35. Nxg5 Qxg5 36. exd6 Kg7 37. d7 Ra2 38. h4 Qe7 39. Qd5 Qe3+ 40. Kh2 Qg3+ 41.
Kg1 f3 42. Qxf3 Qxf3 43. gxf3 Ra8 44. Rc1 Rd8 45. Rxc5 Rxd7 46. Rc4 Kf6 47.
Rxb4 g5 48. Rb5 gxh4 49. Rxh5 Rb7 50. Rxh4 Ke5 51. Re4+ Kd5 52. Kf2 Rxb3 53.
Ke2 Rb2+ 54. Ke1 Rb6 55. Rf4 f6 1/2-1/2

[Event "Schachbundesliga 2011/2012"]
[Site "?"]
[Date "2011.10.16"]
[Round "3"]
[White "Fressinet, Laurent"]
[Black "Aronian, Levon"]
[Result "0-1"]
[WhiteElo "2696"]
[BlackElo "2807"]
[PlyCount "102"]
[EventDate "2011.??.??"]

1. d4 d6 2. Nf3 g6 3. c4 Bg7 4. e4 Nc6 5. d5 Nb8 6. h3 Nd7 7. Bd3 e6 8. Nc3
Bxc3+ 9. bxc3 e5 10. Be3 b6 11. Nd2 h5 12. h4 Nh6 13. f3 f6 14. Bc2 Nc5 15.
Bxc5 dxc5 16. Ba4+ Kf8 17. Bc6 Rb8 18. Qa4 a5 19. Rb1 Nf7 20. Nb3 Ba6 21. Bb5
Bb7 22. Bc6 Bxc6 23. Qxc6 a4 24. Nd2 Ra8 25. Qe6 Kg7 26. O-O Re8 27. Qh3 Qd6
28. Rf2 Rh8 29. Nf1 Qe7 30. Qg3 Nd6 31. Nd2 a3 32. f4 exf4 33. Qxf4 Rhf8 34.
Rbf1 Rae8 35. Qg3 Qe5 36. Rf4 f5 37. Qg5 Qxc3 38. exf5 Rf6 39. R4f3 Qd4+ 40.
Kh1 Re5 41. Rxa3 Rexf5 42. Rxf5 Rxf5 43. Qe7+ Rf7 44. Qg5 Nxc4 45. Nxc4 Qxc4
46. Ra8 Qf1+ 47. Kh2 Qf4+ 48. Qxf4 Rxf4 49. Kg3 Rg4+ 50. Kh3 Kf6 51. Re8 Ra4
0-1

[Event "Schachbundesliga 2011/2012"]
[Site "?"]
[Date "2011.10.16"]
[Round "3"]
[White "Kryvoruchko, Yuriy"]
[Black "Svidler, Peter"]
[Result "1/2-1/2"]
[WhiteElo "2666"]
[BlackElo "2740"]
[PlyCount "41"]
[EventDate "2011.??.??"]

1. e4 e5 2. Nf3 Nc6 3. Bb5 a6 4. Ba4 Nf6 5. O-O Be7 6. Re1 b5 7. Bb3 O-O 8. d3
d6 9. a3 Na5 10. Ba2 c5 11. Bg5 Nc6 12. Nc3 Be6 13. Bxf6 Bxf6 14. Nd5 g6 15. c3
a5 16. a4 b4 17. Bc4 Rb8 18. Bb5 Na7 19. Bc4 Nc6 20. Bb5 Na7 21. Bc4 1/2-1/2

[Event "Schachbundesliga 2011/2012"]
[Site "?"]
[Date "2011.10.16"]
[Round "3"]
[White "Melkumyan, Hrant"]
[Black "Gashimov, Vugar"]
[Result "1-0"]
[WhiteElo "2619"]
[BlackElo "2756"]
[PlyCount "147"]
[EventDate "2011.??.??"]

1. d4 Nf6 2. c4 e6 3. Nc3 Bb4 4. e3 c5 5. Nf3 Nc6 6. Bd3 d6 7. O-O Bxc3 8. bxc3
e5 9. d5 e4 10. dxc6 exd3 11. cxb7 Bxb7 12. Qxd3 O-O 13. Nd2 Ng4 14. e4 f5 15.
exf5 Qf6 16. Nf3 Rae8 17. Bf4 Be4 18. Qxd6 Qxf5 19. Bg3 Bxf3 20. gxf3 Nf6 21.
Kg2 Re6 22. Qd2 Nh5 23. Qd5 Qg6 24. Kh1 Kh8 25. Rae1 Ref6 26. Rg1 Rf5 27. Re5
h6 28. Qxc5 Kh7 29. Rxf5 Rxf5 30. Qe3 Qc6 31. Kg2 Qxc4 32. Qe4 Qf7 33. c4 Qg6
34. Kh1 Nf6 35. Qd3 Qh5 36. Kg2 Qg6 37. Re1 Nh5 38. Re4 Ra5 39. Qd2 Ra3 40. Rd4
Qb1 41. Qe2 Rxa2 42. Qe4+ Qxe4 43. fxe4 Nxg3 44. hxg3 a5 45. Kf3 a4 46. c5 Rc2
47. Rxa4 Rxc5 48. Kf4 Kg6 49. e5 Rc2 50. f3 Rc3 51. g4 Kf7 52. Ra7+ Kg6 53.
Ra6+ Kf7 54. Ke4 Rb3 55. f4 Rb7 56. Kf5 Rc7 57. Rd6 Ke7 58. Rd4 Rc6 59. Ra4 Rb6
60. Ra7+ Kf8 61. Rd7 Ra6 62. Rd6 Ra4 63. Rb6 Ke7 64. Rb7+ Kf8 65. e6 Ra6 66.
Rf7+ Kg8 67. g5 hxg5 68. fxg5 Rb6 69. g6 Rb5+ 70. Ke4 Rb4+ 71. Kd5 Rb5+ 72. Kc6
Rb8 73. e7 Ra8 74. Kc7 1-0

[Event "Schachbundesliga 2011/2012"]
[Site "?"]
[Date "2011.10.16"]
[Round "3"]
[White "Vallejo Pons, Francisco"]
[Black "Bischoff, Klaus"]
[Result "1-0"]
[WhiteElo "2716"]
[BlackElo "2547"]
[PlyCount "47"]
[EventDate "2011.??.??"]

1. e4 c5 2. Nf3 d6 3. d4 Nf6 4. Nc3 cxd4 5. Nxd4 Nc6 6. Bg5 e6 7. Qd2 Qb6 8.
Bxf6 gxf6 9. Nb3 a6 10. Be2 Bd7 11. O-O h5 12. a4 Na5 13. Nd5 exd5 14. Nxa5
dxe4 15. Nc4 Qc6 16. Rfd1 f5 17. Qf4 Rh6 18. Rd4 d5 19. Rad1 Be6 20. Ne3 Rd8
21. Bc4 Qd6 22. Qxd6 Bxd6 23. Bxd5 Bc8 24. Bxb7 1-0